Advanced programming in the Unix environment / (Record no. 102)

MARC details
000 -LEADER
fixed length control field 01161cam a22003014a 4500
001 - CONTROL NUMBER
control field 13905227
005 - DATE AND TIME OF LATEST TRANSACTION
control field 20200421093819.0
008 - FIXED-LENGTH DATA ELEMENTS--GENERAL INFORMATION
fixed length control field 050318s2005 njua b 001 0 eng
010 ## - LIBRARY OF CONGRESS CONTROL NUMBER
LC control number 2005007943
020 ## - INTERNATIONAL STANDARD BOOK NUMBER
International Standard Book Number 0201433079 (hardcover : alk. paper)
040 ## - CATALOGING SOURCE
Original cataloging agency DLC
Transcribing agency DLC
Modifying agency DLC
042 ## - AUTHENTICATION CODE
Authentication code pcc
050 00 - LIBRARY OF CONGRESS CALL NUMBER
Classification number QA76.76.O63
Item number S754 2005
082 00 - DEWEY DECIMAL CLASSIFICATION NUMBER
Classification number 005.4/32
Edition information 22
100 1# - MAIN ENTRY--PERSONAL NAME
Personal name Stevens, W. Richard.
245 10 - TITLE STATEMENT
Title Advanced programming in the Unix environment /
Statement of responsibility, etc. W. Richard Stevens, Stephen A. Rago.
250 ## - EDITION STATEMENT
Edition statement 2nd ed.
260 ## - PUBLICATION, DISTRIBUTION, ETC.
Place of publication, distribution, etc. Upper Saddle River, NJ. :
Name of publisher, distributor, etc. Addison-Wesley,
Date of publication, distribution, etc. 2005.
300 ## - PHYSICAL DESCRIPTION
Extent xxviii, 927 p. :
Other physical details ill. ;
Dimensions 24 cm.
504 ## - BIBLIOGRAPHY, ETC. NOTE
Bibliography, etc. note Includes bibliographical references and index.
630 00 - SUBJECT ADDED ENTRY--UNIFORM TITLE
Uniform title UNIX (Computer file)
9 (RLIN) 247
650 #0 - SUBJECT ADDED ENTRY--TOPICAL TERM
Topical term or geographic name entry element Operating systems (Computers)
9 (RLIN) 248
700 1# - ADDED ENTRY--PERSONAL NAME
Personal name Rago, Stephen A.
9 (RLIN) 249
856 41 - ELECTRONIC LOCATION AND ACCESS
Materials specified Table of contents
Uniform Resource Identifier <a href="http://www.loc.gov/catdir/toc/ecip059/2005007943.html">http://www.loc.gov/catdir/toc/ecip059/2005007943.html</a>
906 ## - LOCAL DATA ELEMENT F, LDF (RLIN)
a 7
b cbc
c orignew
d 1
e ecip
f 20
g y-gencatlg
942 ## - ADDED ENTRY ELEMENTS (KOHA)
Source of classification or shelving scheme Dewey Decimal Classification
Koha item type Books
Holdings
Withdrawn status Lost status Damaged status Not for loan Collection Home library Current library Shelving location Date acquired Barcode Date last seen Price effective from Koha item type
        Reference Centerville Centerville General stacks 09/04/2014 39999000004236 09/04/2014 09/04/2014 Books